01107cam a2200217 a 450000100100000000500170001000800410002702000220006804000250009008200190011524502320013426001000036630000170046650000450048365000550052865000540058370000430063771000720068095201220075299900150087400000136720200929145545.0720306s1971 xxc d 000 0ceng d a0802032621 (v. 1) aDO-SdBNPbspacBNPHU a790.0971bC91200aCreative Canada :ba biographical dictionary of twentieth-century creative and performing artists /ccompilación División de Referencia, Biblioteca McPherson, de la Universidad de Victoria ; prólogo Helen McGregor Rodney. a[Toronto] :bMcPherson Biblioteca de la Universidad de Victoria, Universidad de Toronto,c1971. av. ;c26 cm. aLa biblioteca sólo posee el volumen 1. 4aArtisaszCanadáxBiografíaxDictionarios94583 4aArteszCanadáxBiografíaxDictionarios.945841 aMcGregor Rodney, Helen,epról.945851 aUniversity of Victoria (B.C.).bLibrary.bReference Division.94586 001054708MOaGRbGRcHDd2009-09-04iLF1l0o790.0971 C912p1367-10r2020-06-25w2020-06-25y4ZPréstamo en sala c1293d1293